000 00650nam a2200205 a 4500
999 _c930
_d930
001 930
003 BD-JhCC
005 20171012095505.0
008 171011s2006 bg |||| |||| 000 0 ben d
035 _a(BD-JhCC) 930
040 _aBD-JhCC
_dBD-JhCC
041 _aben
082 _a891.443
_bCHO 2006
100 _aচৌধুরী, আনিস
245 _aউপন্যাসসমগ্র /
_cআনিস চৌধুরী
260 _aঢাকা:
_bমাওলা ব্রাদর্স
_c২০০৬
300 _a৫৮৩ পৃ.;
_c২২ সে.মি.
650 _aBengali Novel
_xcollection of bengali novel
942 _2ddc
_cBK